000 00771nam a2200253Ia 4500
003 OSt
005 20220925204908.0
006 a|||||r|||| 00| 0
007 ta
008 220923b |||||||| |||| 00| 0 eng d
037 _cGeneral Book
040 _aRTL
_cRTL
_beng
041 _2eng
_aeng
082 _aY:3(P), L2.2
100 _aFishman Joshua A Ed.
_923787
245 0 _aAdvances in the sociology of language V2
260 _aHague
_bMouton
_c1972
300 _a534p
_ccm.
490 _vV 2: Selected studies and applications
500 _aBibliography at the end of each chapter; Appendix P 498-504
650 _aSociology of Language
_9231513
942 _hY:3(P), L2.2
_cGB
_2CC
999 _c550704
_d550704